[Event "GCT 2023 Croazia - Blitz"]
[Site "Zagabria"]
[Date "09.07.2023"]
[Round "B17"]
[White "Nepomniachtchi, Ian"]
[Black "Caruana, Fabiano"]
[Result "1/2-1/2"]
[WhiteElo "2779"]
[BlackElo "2782"]
[PlyCount "64"]
[EventDate "2023.??.??"]
[WhiteTeam "FID"]
[BlackTeam "Stati Uniti"]
[BlackTeamCountry "USA"]

1. d4 Nf6 2. c4 e6 3. Nf3 d5 4. g3 Be7 5. Bg2 O-O 6. O-O dxc4 7. Qa4 a6 8. Qxc4
b5 9. Qc2 Bb7 10. Bd2 Ra7 11. Rc1 Be4 12. Qd1 Bxf3 13. Bxf3 Qxd4 14. a4 Rd8 15.
Qc2 Nd5 16. axb5 axb5 17. Rxa7 Qxa7 18. Bxd5 Rxd5 19. Qxc7 Qxc7 20. Rxc7 Nd7
21. Be3 Rd1+ 22. Kg2 Rxb1 23. Rxd7 Bf6 24. Rb7 h6 25. Rxb5 Rxb2 26. Rxb2 Bxb2
27. g4 f5 28. f3 Kf7 29. h3 Bf6 30. Bf2 Be7 31. Be3 Bf6 32. Bf2 Be7 1/2-1/2

[Event "GCT 2023 Croazia - Blitz"]
[Site "Zagabria"]
[Date "09.07.2023"]
[Round "B17"]
[White "Rapport, Richard"]
[Black "Carlsen, Magnus"]
[Result "1-0"]
[WhiteElo "2752"]
[BlackElo "2835"]
[PlyCount "135"]
[EventDate "2023.??.??"]
[WhiteTeam "ROU"]
[BlackTeam "Norway"]
[BlackTeamCountry "NOR"]

1. e4 c5 2. Nf3 e6 3. d3 Nc6 4. g3 g6 5. Bg5 Qc7 6. c3 Bg7 7. Bg2 e5 8. Na3
Nge7 9. h4 h6 10. Be3 d6 11. Qd2 Be6 12. O-O f5 13. b4 Rd8 14. Nb5 Qd7 15. bxc5
dxc5 16. Bxc5 O-O 17. exf5 Rxf5 18. Nd6 Rff8 19. Rab1 b6 20. Ba3 Nf5 21. Ne4
Rf7 22. Rfd1 Bd5 23. Qe2 Kh8 24. Nh2 Qe6 25. Rd2 Rfd7 26. Rbd1 Qf7 27. Ng4 Na5
28. Ne3 Nxe3 29. fxe3 Qe6 30. c4 Bc6 31. Bb4 Nb7 32. Rf1 a5 33. Ba3 b5 34. cxb5
Bxb5 35. Nf2 Nd6 36. Bh3 Qe8 37. Bxd7 Qxd7 38. Bxd6 Qxd6 39. Ne4 Qe6 40. a4 Bc6
41. Rb2 Bxa4 42. Nc5 Qh3 43. Qg2 Qxg2+ 44. Kxg2 Bc6+ 45. e4 a4 46. Rb6 Rc8 47.
Rc1 Be8 48. Nb3 Ra8 49. Nd2 Bf7 50. Nc4 Kg8 51. Ra1 Bf8 52. Nxe5 Bg7 53. d4
Bxe5 54. dxe5 Kg7 55. e6 Be8 56. e5 Ra7 57. Ra3 Kf8 58. Kf3 Ke7 59. Ke3 Rc7 60.
Kd4 Rc1 61. Rd3 Bc6 62. Rc3 Rd1+ 63. Rd3 Rc1 64. Rc3 Rd1+ 65. Ke3 Be8 66. Rc7+
Kf8 67. Rb8 Rf1 68. Rcc8 1-0

[Event "GCT 2023 Croazia - Blitz"]
[Site "Zagabria"]
[Date "09.07.2023"]
[Round "B17"]
[White "Duda, Jan-Krzysztof"]
[Black "Anand, Viswanathan"]
[Result "0-1"]
[WhiteElo "2732"]
[BlackElo "2754"]
[PlyCount "76"]
[EventDate "2023.??.??"]
[WhiteTeam "Polonia"]
[BlackTeam "India"]
[WhiteTeamCountry "POL"]
[BlackTeamCountry "IND"]

1. d4 d5 2. Nf3 Nf6 3. Bg5 Ne4 4. Bh4 c5 5. e3 Qb6 6. Nc3 Qa5 7. Bb5+ Nc6 8.
O-O Nxc3 9. Bxc6+ bxc6 10. bxc3 e6 11. Ne5 Bd6 12. Qg4 Bxe5 13. dxe5 Kf8 14.
Rab1 Ba6 15. Rfd1 h6 16. Rb3 Qxa2 17. Rdb1 g5 18. f4 Qxc2 19. fxg5 h5 20. Qf3
Qg6 21. e4 Kg7 22. Bf2 Bd3 23. R1b2 Bxe4 24. Qe3 h4 25. Qxc5 a5 26. Rb7 a4 27.
Be3 a3 28. Ra2 Rab8 29. Rb4 Rxb4 30. Qxb4 c5 31. Qxa3 Rb8 32. Ra1 h3 33. Qxc5
Bxg2 34. Qe7 Rb1+ 35. Rxb1 Qxb1+ 36. Kf2 Qf1+ 37. Kg3 Qf3+ 38. Kh4 Qe4+ 0-1

[Event "GCT 2023 Croazia - Blitz"]
[Site "Zagabria"]
[Date "09.07.2023"]
[Round "B18"]
[White "Anand, Viswanathan"]
[Black "Saric, Ivan"]
[Result "1/2-1/2"]
[WhiteElo "2754"]
[BlackElo "2657"]
[PlyCount "135"]
[EventDate "2023.??.??"]
[WhiteTeam "India"]
[BlackTeam "Croatia"]
[WhiteTeamCountry "IND"]
[BlackTeamCountry "CRO"]

1. e4 c5 2. Nf3 d6 3. Bb5+ Nd7 4. a4 Ngf6 5. Nc3 a6 6. Be2 b6 7. O-O Bb7 8. d3
e6 9. Re1 Be7 10. Bf1 O-O 11. g3 Qc7 12. Bf4 Bc6 13. Bg2 e5 14. Be3 b5 15. Nd2
Rfb8 16. b3 Nb6 17. Qc1 Ng4 18. Nf1 Nxe3 19. Nxe3 Bg5 20. Qd1 Bxe3 21. Rxe3
bxa4 22. bxa4 Qd7 23. a5 Na4 24. Nxa4 Bxa4 25. Qc1 Rb7 26. c4 Rab8 27. Re1 Rb2
28. Qe3 h6 29. Re2 Bc6 30. Rxb2 Rxb2 31. h4 Qb7 32. Bh3 Rb1+ 33. Rxb1 Qxb1+ 34.
Kg2 Qb4 35. g4 Qxa5 36. g5 Qd8 37. gxh6 Qxh4 38. hxg7 Kxg7 39. Qd2 Qd8 40. Bf5
a5 41. Qe3 Qh4 42. Kg1 a4 43. Qd2 Qd8 44. Qc1 Bd7 45. Bxd7 Qxd7 46. Qg5+ Kf8
47. Qh6+ Ke8 48. Qh8+ Ke7 49. Qh4+ f6 50. Qh7+ Kd8 51. Qg8+ Kc7 52. Qa8 Qg4+
53. Kh2 Qh4+ 54. Kg2 Qg4+ 55. Kh2 Qd1 56. Qa7+ Kd8 57. Qb8+ Ke7 58. Qc7+ Ke6
59. Qc8+ Kf7 60. Qd7+ Kg6 61. Qe8+ Kg7 62. Qe7+ Kg6 63. Qe8+ Kg5 64. Qg8+ Kh6
65. Qh8+ Kg6 66. Qg8+ Kh6 67. Qh8+ Kg6 68. Qg8+ 1/2-1/2

[Event "GCT 2023 Croazia - Blitz"]
[Site "Zagabria"]
[Date "09.07.2023"]
[Round "B18"]
[White "Caruana, Fabiano"]
[Black "Rapport, Richard"]
[Result "0-1"]
[WhiteElo "2782"]
[BlackElo "2752"]
[PlyCount "76"]
[EventDate "2023.??.??"]
[WhiteTeam "Stati Uniti"]
[BlackTeam "ROU"]
[WhiteTeamCountry "USA"]

1. d4 Nf6 2. c4 g6 3. Nc3 Bg7 4. e4 d6 5. Be2 O-O 6. Be3 Na6 7. h3 c6 8. Nf3 e5
9. d5 Nh5 10. g3 cxd5 11. cxd5 f5 12. exf5 gxf5 13. Bg5 Qe8 14. Nd2 Nf6 15. Nc4
Qg6 16. Be3 f4 17. gxf4 exf4 18. Bd4 Nb4 19. Kf1 f3 20. Bxf3 Nc2 21. Rc1 Bf5
22. Ne2 Bd3 23. Rg1 Qf5 24. Bxf6 Rxf6 25. Rg3 Nd4 26. Ne3 Bxe2+ 27. Qxe2 Nxe2
28. Rxg7+ Kxg7 29. Rc7+ Kh6 30. Nxf5+ Rxf5 31. Bxe2 Raf8 32. Rxb7 Rxf2+ 33. Ke1
Rh2 34. Bd3 Rff2 35. h4 Kh5 36. Rxh7+ Kg4 37. Rg7+ Kf3 38. Bg6 Rh1# 0-1